Statistics for Things that are Purple!

Click here to take the quiz!

General Stats

  • This quiz has been taken 13 times
  • The average score is 6 of 8

Answer Stats

Answer% Correct
Grape
100%
Eggplant
92%
Plum
83%
Cabbage
75%
Fish
75%
Bird
58%
Coral
58%
Tulip
33%

Score Distribution

Percentile by Number Answered

Percent of People with Each Score

Your Score History

You have not taken this quiz